| 000 | 00443nam a22001697a 4500 | ||
|---|---|---|---|
| 003 | NUST - PNEC | ||
| 005 | 20170116180935.0 | ||
| 008 | 150906b xxu||||| |||| 00| 0 eng d | ||
| 020 | _a0442009003 | ||
| 040 | _cLIBRARY | ||
| 082 | _a621.31924 VLA | ||
| 100 |
_98440 _aVlach, Jiri |
||
| 245 |
_aBasic network theory : with computer applications _cJiri Vlach |
||
| 260 | _cc.1992 | ||
| 650 |
_98442 _aElectric Networks _xEE |
||
| 942 |
_2ddc _cBK |
||
| 999 |
_c66002 _d66002 |
||